000 01123nam0a22002771 4500
001 rc\4555559
005 20250612115352.0
021 _aRU
_b[60-28433]
035 _a(NLR Aleph) 008643810
090 _a8959085
_c8959085
100 _a20130416d1960 |||y0rusy50 ca
101 0 _arus
102 _aRU
105 _ay z |||||
200 1 _a[Аннотации докладов]
_fМ-во высш. и сред. спец. образования РСФСР. Ленингр. ин-т точной механики и оптики. XVI науч.-техн. конференция
210 _aЛенинград
_cБ. и.
_d1960
215 _a53 с.
_d19
606 _aОптика
_jАннотации
_2psbo
606 _aТочная механика
_jАннотации
_2psbo
710 0 2 _aЛенинградский институт точной механики и оптики
_bНаучно-техническая конференция
_d16
_f1960
_9690115
_3RU\NLR\AUTH\880514740
801 0 _aRU
_bNLR
_gpsbo
801 1 _aRU
_bELAR
_2rusmarc
852 _aNLR
_j60-4/5551
942 _cBOOK
980 _aNB